| 000 | 00975 a2200253 4500 | ||
|---|---|---|---|
| 999 |
_c11257 _d11257 |
||
| 020 | _a9780323084819 | ||
| 050 | 1 | 0 |
_aRM170 _bGAH 1989 |
| 100 | 2 |
_aGahart,Betty L _eauthor |
|
| 245 | 1 | 0 |
_aIntravenous medications : _cBetty L.Gahart _bA handbook for nurses and healthy professionals / |
| 264 |
_aCalifornia: _bElsevier, _c2013 |
||
| 300 |
_axv, 99 pages _billustrations |
||
| 336 |
_2rdacontent _atext _btxt |
||
| 337 |
_2rdamedia _aunmediated _bn |
||
| 338 |
_2rdacarrier _avolume _bnc |
||
| 504 | _aBibliography: p. iv. | ||
| 650 | 0 |
_aInjections, Intravenous _xHandbooks, manuals, etc. |
|
| 650 | 0 |
_aIntravenous therapy _xHandbooks, manuals, etc. |
|
| 650 | 0 |
_aIntensive care nursing _xHandbooks, manuals, etc. |
|
| 650 | 2 |
_aCritical Care _xnurses' instruction. |
|
| 650 | 2 |
_aDrugs _xadministration & dosage _xnurses' instruction. |
|
| 650 | 2 |
_aInfusions, Intravenous _xnurses' instruction. |
|
| 700 | 1 |
_aNazareno,Adrienne R _eauthor |
|
| 942 |
_2lcc _cREF _hGAH _i170 _kRM |
||